Horror Movie Franchises #11: The Conjuring - Statistics

General Stats
  • This quiz has been taken 105 times
  • The average score is 7 of 9
Answer Stats
Movie % Correct
The Conjuring
96%
The Conjuring 2
93%
Annabelle
91%
The Nun
90%
The Conjuring: The Devil Made Me Do It
70%
Annabelle Comes Home
69%
Annabelle: Creation
62%
The Nun II
47%
The Curse of La Llorona
33%
No matching quizzes found
Score Distribution
Percent of People with Each Score
Percentile by Number Answered
Your Score History
You have not taken this quiz